| 000 | 01027pab a2200169 454500 | ||
|---|---|---|---|
| 008 | 180718b2009 xxu||||| |||| 00| 0 eng d | ||
| 100 | _aSharma, Baldev R. | ||
| 245 | _aOne more time: what makes a manager? | ||
| 260 | _c2009 | ||
| 300 | _ap.203-12. | ||
| 362 | _aOct | ||
| 520 | _aBased on his two empirical studies of MBA students, one carried out in 1973-74 and the other in 2007-08, the author has tried to answer the question as to what makes a manager. The findings show that entry into a management institute is loaded in favour of the urban rich and against the rural poor. The reasons for this inequity lie in the type of schooling, medium of instruction, education of parents, and father's occupation, on the one hand, and admission procedures, on the other. The policy implications of these findings are discussed in terms of the role of academicians as well as academic administration. - Reproduced. | ||
| 650 | _aManagers | ||
| 773 | _aIndian Journal of Industrial Relations | ||
| 908 | _aN | ||
| 909 | _a85336 | ||
| 999 |
_c85336 _d85336 |
||